Veřejnost preferuje obnovitelné zdroje

Štúdia realizovaná Hnutím DUHA zaoberajúca sa postojom verejnosti k obnoviteľným zdrojom v Česku. Miera preferencií jednotlivých energetických zdrojov. Obnoviteľné zdroje energie a ich verejná mienka. Podpora a investície Českej republiky do obnoviteľných zdrojov energie.

Saved in:
Bibliographic Details
Main Author: Vítková, Eva
Format: Book Chapter
Language:Czech
Subjects:
Tags: Add Tag
No Tags, Be the first to tag this record!

MARC

LEADER 00000naa a2200000 4500
001 0273810
005 20210519152809.3
041 0 |a cze 
044 |a CZ 
245 1 0 |a Veřejnost preferuje obnovitelné zdroje  |c Eva Vítková 
520 |a Štúdia realizovaná Hnutím DUHA zaoberajúca sa postojom verejnosti k obnoviteľným zdrojom v Česku. Miera preferencií jednotlivých energetických zdrojov. Obnoviteľné zdroje energie a ich verejná mienka. Podpora a investície Českej republiky do obnoviteľných zdrojov energie. 
610 2 0 |a energetika 
610 2 0 |a energia 
610 2 0 |a ekológia 
610 2 0 |a hospodárnosť 
610 2 0 |a zdroje energie obnoviteľné 
610 2 0 |a Česko 
100 1 |a Vítková, Eva